| 000 | 01491cab a2200241 4500 | ||
|---|---|---|---|
| 001 | ##E134841 | ||
| 008 | 060614n2006 000 0 eng u | ||
| 035 | _a(Sirsi) u134841 | ||
| 041 | 0 | _aeng | |
| 110 | 2 | _aBuilding Research Establishment | |
| 245 | 0 | 0 | _asmartLIFE affordable housing project launched in Fenland |
| 260 | _c2006 | ||
| 490 | 0 |
_aBRE News Release _v4 September 2006 |
|
| 520 | _aConstruction on a pioneering housing project in Fenland began on 4 September 2006. The construction will emphasise sustainability and environmental performance as well as comfortable community living. The project has been developed to demonstrate how modern methods of construction can be used to alleviate housing shortages in growth areas. Every step of the construction process will be assessed, such as build speed, build quality, the sustainability of the construction process and the post-occupancy performance of the resulting houses, including energy efficiency. The development will comprise 106 new homes in the Cambridgeshire towns of March and Chatteris for both private buyers and housing association tenants. Expected completion is March 2007. | ||
| 590 | _aIKA190906 | ||
| 651 | 4 |
_aUnited Kingdom _y |
|
| 651 | 4 | _aFENLAND | |
| 651 | 4 | _aMARCH | |
| 651 | 4 | _aCHATTERIS | |
| 690 | _aPROPERTY-RESIDENTIAL PROPERTY-RESIDENTIAL PROPERTY DEVELOPMENT | ||
| 856 | 4 | 0 |
_uhttps://www.bre.co.uk/newsdetails.jsp?id=410 _zView the item free of charge at www.bre.co.uk... |
| 942 | _n0 | ||
| 999 |
_c105815 _d105815 |
||